An introduction to journalism / (Record no. 18379)

MARC details
000 -LEADER
fixed length control field 01023cam a2200325 a 4500
001 - CONTROL NUMBER
control field 13901672
005 - DATE AND TIME OF LATEST TRANSACTION
control field 20140915150257.0
008 - FIXED-LENGTH DATA ELEMENTS--GENERAL INFORMATION
fixed length control field 050316r20062010xxk fr2bd 001 0 eng d
010 ## - LIBRARY OF CONGRESS CONTROL NUMBER
LC control number 2005924233
020 ## - INTERNATIONAL STANDARD BOOK NUMBER
International Standard Book Number 0761941819
020 ## - INTERNATIONAL STANDARD BOOK NUMBER
International Standard Book Number 0761941827 (pbk.)
020 ## - INTERNATIONAL STANDARD BOOK NUMBER
International Standard Book Number 9780761941828
040 ## - CATALOGING SOURCE
Original cataloging agency DLC
Transcribing agency DLC
Modifying agency DLC
-- EG-ScBUE
043 ## - GEOGRAPHIC AREA CODE
Geographic area code e-uk---
082 04 - DEWEY DECIMAL CLASSIFICATION NUMBER
Classification number 072
Edition number 22
Item number INT
245 03 - TITLE STATEMENT
Title An introduction to journalism /
Statement of responsibility, etc Carole Fleming ... [et al.]
250 ## - EDITION STATEMENT
Edition statement 1st ed.,
Remainder of edition statement reprinted.
260 ## - PUBLICATION, DISTRIBUTION, ETC. (IMPRINT)
Place of publication, distribution, etc London :
Name of publisher, distributor, etc Sage,
Date of publication, distribution, etc 2006
Place of manufacture (Cornwall, United Kingdom :
Manufacturer TJI Digital)
300 ## - PHYSICAL DESCRIPTION
Extent vii, 245 p. ;
Dimensions 25 cm.
500 ## - GENERAL NOTE
General note Index : p. 234-245.
500 ## - GENERAL NOTE
General note Glossaries : p. 226-232.
500 ## - GENERAL NOTE
General note Reprint of the 2006 ed.
504 ## - BIBLIOGRAPHY, ETC. NOTE
Bibliography, etc Bibliography : p. [233]-234.
650 #0 - SUBJECT ADDED ENTRY--TOPICAL TERM
Topical term or geographic name as entry element Journalism
Geographic subdivision Great Britain
9 (RLIN) 36064
650 #0 - SUBJECT ADDED ENTRY--TOPICAL TERM
Topical term or geographic name as entry element Reporters and reporting
Geographic subdivision Great Britain
9 (RLIN) 36065
653 ## - INDEX TERM--UNCONTROLLED
Resource For college Communication and mass media
Arrived date list September2014
655 ## - INDEX TERM--GENRE/FORM
Form subdivision
-- 33728
700 1# - ADDED ENTRY--PERSONAL NAME
Personal name Fleming, Carole,
Dates associated with a name 1955-
9 (RLIN) 36066
942 ## - ADDED ENTRY ELEMENTS (KOHA)
Source of classification or shelving scheme Dewey Decimal Classification
Call number prefix 072 INT
Holdings
Withdrawn status Item status Source of classification or shelving scheme Materials specified (bound volume or other part) Damaged status Not for loan Vendor Home library Current library Shelving location Date acquired Source of acquisition Cost, normal purchase price Total Checkouts Full call number Barcode Date last seen Cost, replacement price Koha item type Total Renewals Date last borrowed
  Lost Dewey Decimal Classification Lost In Inventory_2015-8-23     Baccah Central Library Central Library Lower Floor 15/09/2014 Purchase 260.00   072 INT 000036092 15/09/2014 325.00 NB - Book (Non borrowing)    
    Dewey Decimal Classification       Baccah Central Library Central Library Lower Floor 15/09/2014 Purchase 260.00 5 072 INT 000036093 15/07/2025 325.00 Book - Borrowing 21 22/09/2019
    Dewey Decimal Classification       Baccah Central Library Central Library Lower Floor 15/09/2014 Purchase 260.00 6 072 INT 000036094 15/07/2025 325.00 Book - Borrowing 17 21/10/2017
    Dewey Decimal Classification       Baccah Central Library Central Library Lower Floor 15/09/2014 Purchase 260.00 7 072 INT 000036095 15/07/2025 325.00 Book - Borrowing 23 03/10/2019
    Dewey Decimal Classification       Baccah Central Library Central Library Lower Floor 15/09/2014 Purchase 260.00 3 072 INT 000036096 15/07/2025 325.00 Book - Borrowing 11 14/11/2016
    Dewey Decimal Classification       Baccah Central Library Central Library Lower Floor 15/09/2014 Purchase 260.00 5 072 INT 000036097 15/07/2025 325.00 Book - Borrowing   09/11/2016
  Lost Dewey Decimal Classification Lost In Inventory_2015-8-23     Baccah Central Library Central Library Lower Floor 15/09/2014 Purchase 260.00 3 072 INT 000036098 30/09/2014 325.00 Book - Borrowing   27/09/2014
    Dewey Decimal Classification       Baccah Central Library Central Library Lower Floor 15/09/2014 Purchase 260.00 7 072 INT 000036099 15/07/2025 325.00 Book - Borrowing 21 24/10/2017
    Dewey Decimal Classification       Baccah Central Library Central Library Lower Floor 15/09/2014 Purchase 260.00 6 072 INT 000036100 15/07/2025 325.00 Book - Borrowing 37 19/10/2022